000 00735nam a2200181Ia 4500
008 100921s9999 xx 000 0 und d
082 _b25497
_a001 थ 89
100 _aसंत दुर्गादास काशिनाथ.
245 _aमनुष्याची ज्ञानसाधना.
260 _bपुणे विद्यार्थीगृह प्रकाशन,पुणे.
_c1989
300 _a248
_b---
365 _b60
520 _aसंकीर्ण-ज्ञान.
630 _aमनुष्याची ज्ञानसाधना.
650 _aसंकीर्ण-ज्ञान.
730 _aमनुष्याची ज्ञानसाधना.
942 _cBOOK
999 _c774610
_d774607